000 00611nam a2200205 a 4500
001 BRCA_308
005 20190320202944.0
008 260508s1989----sp-a---###---#000-0#spa-#
020 _a847630255
050 4 _aU800
_b.D97 1989
100 1 _aDurdík, Jan
_91033
245 1 0 _aArmas de fuego antiguas
_ctexto de Jan Durdík, Miroslav Mudra y Miroslav Sáda.
260 _aMadrid
_bLibsa
_c1989
300 _a255 p.
_bil. a color
_c29 cm.
504 _aBibliografía: p. 243-246
650 1 4 _aArmas de fuego
_xHistoria
_91034
700 1 _aMudra, Miroslav
_91035
700 1 _aSáda, Miroslav
_91036
942 _2lcc
_cB
999 _c249
_d249